|
|
|
|
| LEADER |
02058nam a2200505 i 4500 |
| 001 |
nkc20182982684 |
| 003 |
CZ PrNK |
| 005 |
20180405110425.0 |
| 007 |
ta |
| 008 |
180302s2018 xr ab d p 000 0 cze |
| 015 |
|
|
|a cnb002982684
|
| 020 |
|
|
|a 978-80-86034-99-7
|q (brožováno)
|
| 035 |
|
|
|a (OCoLC)1035472121
|
| 040 |
|
|
|a OLA001
|b cze
|d ABA001
|e rda
|
| 072 |
|
7 |
|a 911
|x Obecná geografie. Systematická geografie
|2 Konspekt
|9 7
|
| 072 |
|
7 |
|a 37.016
|x Učební osnovy. Vyučovací předměty. Učebnice
|2 Konspekt
|9 22
|
| 080 |
|
|
|a 911.3:33
|2 MRF
|
| 080 |
|
|
|a 913
|2 MRF
|
| 080 |
|
|
|a 339.9
|2 MRF
|
| 080 |
|
|
|a (075.3)
|2 MRF
|
| 100 |
1 |
|
|a Baar, Vladimír,
|d 1953-
|7 jo2002102944
|4 aut
|
| 245 |
1 |
0 |
|a Hospodářský zeměpis :
|b regionální aspekty světového hospodářství : učebnice pro obchodní akademie a jiné střední školy /
|c Vladimír Baar, Barbara Baarová
|
| 246 |
3 |
0 |
|a Regionální aspekty světového hospodářství
|
| 250 |
|
|
|a 3., přepracované vydání
|
| 264 |
|
1 |
|a Praha :
|b Nakladatelství České geografické společnosti, s.r.o.,
|c 2018
|
| 300 |
|
|
|a 159 stran :
|b barevné ilustrace, mapy ;
|c 24 cm
|
| 336 |
|
|
|a text
|b txt
|2 rdacontent
|
| 337 |
|
|
|a bez média
|b n
|2 rdamedia
|
| 338 |
|
|
|a svazek
|b nc
|2 rdacarrier
|
| 500 |
|
|
|a Terminologický slovník
|
| 650 |
0 |
7 |
|a ekonomická geografie
|7 ph114700
|2 czenas
|
| 650 |
0 |
7 |
|a regionální geografie
|7 ph116030
|2 czenas
|
| 650 |
0 |
7 |
|a světová ekonomika
|7 ph116359
|2 czenas
|
| 650 |
0 |
9 |
|a economic geography
|2 eczenas
|
| 650 |
0 |
9 |
|a regional geography
|2 eczenas
|
| 650 |
0 |
9 |
|a world economics
|2 eczenas
|
| 655 |
|
7 |
|a učebnice středních škol
|7 fd133771
|2 czenas
|
| 655 |
|
9 |
|a textbooks (secondary)
|2 eczenas
|
| 700 |
1 |
|
|a Baarová, Barbara
|7 osd2015878868
|4 aut
|
| 910 |
2 |
|
|a BOA001
|b 2-1405.535
|
| 990 |
|
|
|a BK
|
| 995 |
|
|
|a 01
|
| 991 |
|
|
|b 201803
|c NOV
|
| 996 |
6 |
|
|b 2610737950
|c 2-1405.535
|l MZK
|r Sklad / do 1 hodiny
|n 9
|p p.v.
|w 001656336
|u 000010
|a 1
|e BOA001
|j MZK50
|s P
|
| 996 |
7 |
|
|b 2610739757
|c 2-1405.535
|l Vol.výběr
|r VV 1p
|n 14
|p kup
|h 911 BAA
|w 001656336
|u 000020
|a 0
|e BOA001
|j MZK50
|s A
|